UBT Library

The heart of New Hampshire; (Record no. 39594)

000 -LEADER
fixed length control field 00805cam a22002531 4500
001 - CONTROL NUMBER
control field 9268697
003 - CONTROL NUMBER IDENTIFIER
control field US-DLC
005 - DATE AND TIME OF LATEST TRANSACTION
control field 20180103033518.0
008 - FIXED-LENGTH DATA ELEMENTS--GENERAL INFORMATION
fixed length control field 750515s1944 xx 000 0 eng
010 ## - LIBRARY OF CONGRESS CONTROL NUMBER
LC control number 44005530
035 ## - SYSTEM CONTROL NUMBER
System control number (OCoLC)1335178
040 ## - CATALOGING SOURCE
Original cataloging agency DLC
Transcribing agency FO
Modifying agency DLC
042 ## - AUTHENTICATION CODE
Authentication code premarc
050 00 - LIBRARY OF CONGRESS CALL NUMBER
Classification number 917.42
Item number .W46
082 ## - DEWEY DECIMAL CLASSIFICATION NUMBER
Classification number 917.42 WEY
100 1# - MAIN ENTRY--PERSONAL NAME
Personal name Weygandt, Cornelius,
Dates associated with a name 1871-1957.
245 14 - TITLE STATEMENT
Title The heart of New Hampshire;
Remainder of title things held dear by the old stocks,by Cornelius Weygandt ...
260 ## - PUBLICATION, DISTRIBUTION, ETC. (IMPRINT)
Place of publication, distribution, etc New York,
Name of publisher, distributor, etc G.P. Putnam & sons
Date of publication, distribution, etc [1944]
300 ## - PHYSICAL DESCRIPTION
Extent xvi, 3-210 p.
Other physical details front., plates. map
Dimensions 21 cm.
651 #0 - SUBJECT ADDED ENTRY--GEOGRAPHIC NAME
Geographic name New Hampshire
General subdivision Description and travel.
651 #0 - SUBJECT ADDED ENTRY--GEOGRAPHIC NAME
Geographic name New Hampshire
General subdivision Social life and customs.
906 ## - LOCAL DATA ELEMENT F, LDF (RLIN)
a 7
b cbc
c oclcrpl
d u
e ncip
f 19
g y-gencatlg
942 ## - ADDED ENTRY ELEMENTS (KOHA)
Source of classification or shelving scheme
Koha item type Books
Holdings
Withdrawn status Lost status Source of classification or shelving scheme Damaged status Not for loan Collection code Permanent Location Current Location Shelving location Date acquired Total Checkouts Full call number Barcode Date last seen Price effective from Koha item type
          Koleksioni i përgjithshem UBT - Lipjan UBT - Lipjan Koleksioni i përgjithshem 01/03/2018   917.42 WEY 002-2994205 01/03/2018 01/03/2018 Books
UBT Library © 2015-2024. All rights reserved University Education for Business and Technology